• 首页
  • 本馆介绍
  • 公告通知
  • 最新文献
  • 馆藏检索
  • 电子资源
  • 读者导购
  • 参考咨询
  • 我的图书馆
  • 登录
  • 详细信息显示
  • 放入我的书架
  • 预约/预借图书
  • 作者相关作品
  • 分类相关作品
  • 丛书相关作品
  • 出版社相关作品

书目信息

  • 表格格式
  • 工作单格式
  • 卡片格式
题名:
旅游规划的理论与实践
    
 
作者: 张广瑞 主编
分册:  
出版信息: 北京   社会科学文献出版社  2004
页数: 342页
开本: 24cm
丛书名: 中国社会科学院旅游研究中心学术研究系列
单 册:
中图分类: F592.1
科图分类:
主题词: 旅游经济--经济规划--研究--中国
电子资源:
ISBN: 7-80190-105-3
000 01340nam0 2200349 450
000 01303nam0 2200337 450
000 01284nam0 2200337 450
000 01247nam0 2200325 450
000 01265nam0 2200313 450
000 01228nam0 2200301 45
001 TS2006011060
005 20061214164404.04
010    @a7-80190-105-3@dCNY39.00
092    @aCN@bTS01-011875
100    @a20060829d2004 em y0chiy0110 ea
101 0  @achi
102    @aCN@b110000
105    @ay z 000yy
200 1  @a旅游规划的理论与实践@Alv you gui hua de li lun yu shi jian@f张广瑞主编@FZhang Guang Rui Zhu Bian
210    @a北京@c社会科学文献出版社@d2004
215    @a342页@d24cm
225 2  @a中国社会科学院旅游研究中心学术研究系列@v2
300    @a中国社会科学院出版基金资助
330    @a本书分理论篇、方法篇、实践篇、探讨篇四部分,共收录论文近40篇。即《论旅游发展总体规划编制的几个原则》、《以产品为中心的旅游规划方法》、《对概念性旅游规划的认识》等。
410  0 @1001002445784@12001 @a中国社会科学院旅游研究中心学术研究系列@v2
606 0  @a旅游经济@x经济规划@x研究@y中国
690    @aF592.1@v4
701  0 @a张广瑞@Azhang guang rui@c(旅游研究)@4主编
801  0 @aCN@b中图数据@c20061214
905    @a10447@dF592.1@e111
    
    旅游规划的理论与实践/张广瑞主编.-北京:社会科学文献出版社,2004
    342页;24cm.-(中国社会科学院旅游研究中心学术研究系列;2)
    中国社会科学院出版基金资助
    
    ISBN 7-80190-105-3:CNY39.00
    本书分理论篇、方法篇、实践篇、探讨篇四部分,共收录论文近40篇。即《论旅游发展总体规划编制的几个原则》、《以产品为中心的旅游规划方法》、《对概念性旅游规划的认识》等。
●
相关链接 在E读中查询图书 在五车中查询图书 在当当中查询图书 在豆瓣中查询图书


正题名:旅游规划的理论与实践     索取号:F592.1/111         预约/预借

序号 登录号 条形码 馆藏地/架位号 状态 备注
1 0605655   206056550   第一样本阅览室/ [索取号:F592.1/111] 在馆    
2 0605656   206056569   第一借阅区/ [索取号:F592.1/111] 在馆    
3 0605657   206056578   第一借阅区/ [索取号:F592.1/111] 在馆    
4 0605658   206056587   第一借阅区/ [索取号:F592.1/111] 在馆    
5 0605659   206056596   第一借阅区/ [索取号:F592.1/111] 在馆    
唐山师范学院图书馆 欢迎您!
大连网信软件有限公司© 版权所有